000 01973cam a2200349 i 4500
001 17885093
003 PILC
005 20150601103537.0
008 130913t20152015maua b 001 0 eng
010 _a 2013036786
020 _a9780321952950 (pbk.)
020 _a0321952952 (pbk.)
020 _z9780321952943
020 _z0321952944
040 _aDLC
_beng
_cDLC
_erda
_dDLC
042 _apcc
050 0 0 _aLB 2369
_b.L642 2015
082 0 0 _a371.30281
100 1 _aLester, James D.,
_cSr.,
_d1935-2006.
245 1 0 _aWriting research papers :
_ba complete guide /
_cJames D. Lester, James D. Lester, Jr., Austin Peay State University.
250 _aFifteenth edition.
260 _aBoston :
_bPearson,
_c2015.
300 _axviii, 398 pages :
_billustrations (some color) ;
_c23 cm.
500 _aIncludes glossary, appendix, bibliographical references and index.
505 0 _aWriting from research -- Finding a topic -- Organizing ideas and setting goals -- Gathering sources online -- Gathering sources in the library -- Conducting field research -- Understanding and avoiding plagarism -- Reading and evaluating sources -- Writing effective notes and creating outlines -- Drafting the paper in the academic style -- Blending reference material into your writing by using MLA style -- Writing the introduction, body, and conclusion -- Revising, proofreading, and formatting the rough draft -- Works cited: MLA style -- Writing in APA style -- The footnote system: CMS style -- CSE style for the natural and applied sciences -- Creating electronic and multimedia research projects.
650 0 _aReport writing
_vHandbooks, manuals, etc.
650 0 _aResearch
_vHandbooks, manuals, etc.
700 1 _aLester, James D.,
_cJr.,
_d1959-
906 _a7
_bcbc
_corignew
_d1
_eecip
_f20
_gy-gencatlg
942 _2lcc
_cBK
_kFOR
999 _c284547
_d284547